[Event "Match"]
[Site "www.echecsemail.com"]
[Date "2016.12.06"]
[Round "1"]
[White "Chapi"]
[Black "Glailton"]
[WhiteElo "2150"]
[BlackElo "1499"]
[Result "1-0"]
[Round "1"]
1.d4 d5
2.c4 dxc4
3.Nb1c3 Ng8f6
4.e4 e5
5.d5 Bf8c5
6.Bc1g5 h6
7.Bg5h4 Bc5e7
8.Ng1f3 Nf6d7
9.Bf1xc4 Be7xh4
10.Nf3xh4 Qd8xh4
11.Qd1f3 Qh4f6
12.Qf3g3 a6
13.O-O c6
14.Ra1c1 O-O
15.dxc6 Qf6xc6
16.Nc3d5 Qc6d6
17.Rf1d1 b5
18.Bc4b3 Ra8a7
19.Rc1c3 Nd7f6
20.Nd5e3 Qd6e7
21.Rd1c1 Bc8e6
22.Rc3c5 Be6xb3
23.Ne3f5 Qe7e6
24.Qg3xg7 { resign }
1-0

[Event "Match"]
[Site "www.echecsemail.com"]
[Date "2016.12.06"]
[Round "1"]
[White "Frisker"]
[Black "Genius3"]
[WhiteElo "2320"]
[BlackElo "1650"]
[Result "0-1"]
[Round "1"]
1.d4 d5
2.Ng1f3 Ng8f6
3.c4 e6
4.Nb1c3 c6
5.g3 Bf8e7
6.Bf1g2 O-O
7.O-O Nb8d7
8.cxd5 exd5
9.Qd1c2 Be7b4
10.Nf3h4 Rf8e8
11.Nh4f5 Bb4f8
12.Bc1f4 Nd7b6
13.Rf1d1 Bc8xf5
14.Qc2xf5 Qd8d7
15.Qf5c2 Bf8d6
16.Bf4g5 Qd7e6
17.Bg5xf6 Qe6xf6
18.e4 dxe4
19.Bg2xe4 g6
20.d5 cxd5
21.Nc3xd5 Nb6xd5
22.Be4xd5 Ra8b8
23.Qc2a4 Bd6c5
24.Rd1d2 Re8d8
25.Ra1d1 Rd8xd5
{ resign }
0-1

[Event "Tourn. n9026"]
[Site "www.chess-mail.com"]
[Date "2016.12.07"]
[Round "1"]
[White "Falcoale"]
[Black "Nulladies"]
[WhiteElo "1730"]
[BlackElo "1820"]
[Result "1-0"]
[Round "1"]
1.e4 c5
2.Ng1f3 g6
3.Bf1d3 Bf8g7
4.O-O Nb8c6
5.c3 d5
6.exd5 Nc6e5
7.Nf3xe5 Bg7xe5
8.c4 Qd8d6
9.h3 e6
10.Rf1e1 Ng8e7
11.Bd3e4 O-O
12.Nb1c3 a6
13.d3 b6
14.Re1e3 f5
15.Be4f3 Bc8b7
16.Re3e1 exd5
17.Nc3xd5 Ne7xd5
18.Bf3xd5 Bb7xd5
19.cxd5 Qd6xd5
20.Bc1h6 Rf8e8
21.Qd1c2 Be5g7
22.Bh6xg7 Kxg7
23.Qc2a4 b5
24.Qa4c2 Ra8c8
25.Ra1d1 Qd5c6
26.Re1e2 Re8xe2
27.Qc2xe2 Rc8e8
28.Qe2c2 Qc6d5
29.b3 Qd5d6
30.Qc2c3 Kh6
31.Qc3d2 Kg7
32.Qd2c3 Qd6e5
33.Qc3xe5 Re8xe5
34.d4 Re5d5
35.Rd1c1 cxd4
36.Kf1 d3
37.Rc1d1 Kf6
38.Ke1 b4
39.Kd2 Ke5
40.f3 Kf4
41.Rd1f1 Kg3
42.Rf1e1 Kxg2
43.f4 Rd5d6
44.Re1e7 Kxh3
45.Re7xh7 Kg3
46.Rh7b7 a5
47.Rb7a7 Rd6d5
48.Ra7g7 Kxf4
49.Rg7xg6 Ke4
50.Rg6e6 Rd5e5
51.Re6xe5 Kd4
52.Re5xf5 { resign }
1-0

[Event "Tourn. n9033"]
[Site "www.chess-mail.com"]
[Date "2016.12.07"]
[Round "1"]
[White "Estonia"]
[Black "Tonino1"]
[WhiteElo "2070"]
[BlackElo "2030"]
[Result "1/2-1/2"]
[Round "1"]
1.d4 Ng8f6
2.c4 g6
3.Nb1c3 Bf8g7
4.Ng1f3 d6
5.e4 O-O
6.Bf1e2 c6
7.O-O Qd8c7
8.d5 Nb8d7
9.Bc1g5 a5
10.a4 Nd7c5
11.Bg5xf6 Bg7xf6
12.Qd1c2 Qc7b6
13.Ra1a3 Bc8d7
14.Rf1d1 Bf6g7
15.Nf3e1 f5
16.dxc6 bxc6
17.Be2f3 Bg7xc3
18.Ra3xc3 Nc5xe4
19.Bf3xe4 fxe4
20.c5 Qb6a7
21.Qc2xe4 Bd7f5
22.Qe4xc6 Ra8c8
23.Qc6d5 Rf8f7
24.Ne1d3 Bf5xd3
25.Rc3xd3 Qa7xc5
26.Qd5xc5 Rc8xc5
27.b3 Rc5c2
28.f3 Rf7f4
29.Rd1d2 Rc2xd2
30.Rd3xd2 Rf4b4
31.Rd2d5 Rb4xb3
32.Rd5xa5 Rb3a3
33.Ra5a7 Kf7
34.h4 h5
35.a5 d5
36.a6 d4
37.Ra7a8 Ke6
38.Ra8d8 Ke5
39.Rd8a8 d3
40.Ra8d8 Kf4
41.a7 Ra3xa7
42.Rd8xd3 Ra7a4
43.g4 hxg4
44.fxg4 Kxg4
45.Rd3e3 Ra4a7
46.Kf2 Kxh4
47.Re3e6 g5
48.Re6h6 Kg4
49.Rh6h7 Kf5
50.Rh7f7 Ke6
51.Rf7h7 Kd6
52.Rh7g7 Ra7a5
53.Kf3 Ke6
54.Kg4 Kf6
55.Rg7g8 Ra5a4
56.Kg3 e5
57.Rg8f8 Kg7
58.Rf8e8 e4
59.Kg4 Kf7
60.Re8e5 Kf6
61.Re5e8 Kf7
62.Re8e5 Kf6
63.Re5e8 Ra4b4
64.Re8f8 Ke5
65.Kxg5 e3
66.Rf8e8 Kd4
67.Kf4 Kd3
68.Kf3 e2
69.Re8d8 Rb4d4
70.Rd8xd4 Kxd4
71.Kxe2 Ke4
{ draw }
1/2-1/2

[Event "Tourn. n9021"]
[Site "www.chess-mail.com"]
[Date "2016.12.07"]
[Round "1"]
[White "Nulladies"]
[Black "Genius3"]
[WhiteElo "1820"]
[BlackElo "1620"]
[Result "1/2-1/2"]
[Round "1"]
1.d4 f5
2.Bc1f4 Ng8f6
3.Ng1f3 d6
4.e3 e6
5.Nb1d2 Bf8e7
6.Bf1e2 O-O
7.Be2c4 d5
8.Bc4d3 Nf6e4
9.Nf3e5 Nb8d7
10.f3 Ne4xd2
11.Qd1xd2 Nd7xe5
12.Bf4xe5 Be7f6
13.Qd2c3 c6
14.f4 Bf6xe5
15.fxe5 Qd8g5
16.Qc3d2 Bc8d7
17.O-O-O b5
18.h4 Qg5e7
19.Rd1g1 a5
20.g4 Kh8
21.g5 c5
22.h5 c4
23.Bd3e2 b4
24.h6 g6
25.Rg1f1 Rf8c8
26.Kd1 c3
27.bxc3 Rc8xc3
28.Be2d3 Ra8c8
29.Ke2 Bd7a4
{ draw }
1/2-1/2

[Event "Tourn. n9038"]
[Site "www.chess-mail.com"]
[Date "2016.12.07"]
[Round "1"]
[White "Bojan"]
[Black "Jackbauer"]
[WhiteElo "1980"]
[BlackElo "1920"]
[Result "1-0"]
[Round "1"]
1.c4 g6
2.b4 Bf8g7
3.Nb1c3 Ng8f6
4.Ra1b1 d5
5.Qd1b3 dxc4
6.Qb3xc4 O-O
7.a3 Bc8e6
8.Qc4h4 c6
9.Ng1f3 h5
10.Nf3g5 Qd8d7
11.Nc3e4 Be6f5
12.d3 e5
13.Ne4c5 Qd7e7
14.e4 Bf5c8
15.Bf1e2 b6
16.Nc5b3 Bc8d7
17.Qh4g3 c5
18.Ng5f3 Nb8c6
19.bxc5 bxc5
20.Bc1e3 Bd7e6
21.Be3xc5 Qe7b7
22.Bc5xf8 Bg7xf8
23.Nb3d2 Qb7c7
24.O-O Bf8xa3
25.Nf3h4 Be6g4
26.Be2xg4 hxg4
27.Nd2c4 Ba3c5
28.Kh1 Kg7
29.f3 Qc7d7
30.Nc4xe5 Nc6xe5
31.Qg3xe5 Bc5d6
32.Qe5d4 Qd7e7
33.fxg4 Kh7
34.Qd4xf6 Ra8f8
35.Qf6xe7 Bd6xe7
36.Nh4f3 a5
37.Rb1b7 Be7b4
38.Nf3e5 Bb4c3
39.Ne5c4 Kg8
40.Rb7a7 Bc3b4
41.Nc4xa5 Bb4c5
42.Ra7d7 g5
43.d4 Bc5b6
44.Na5c4 { resign }
1-0

[Event "Tourn. n9098"]
[Site "www.chess-mail.com"]
[Date "2016.12.07"]
[Round "1"]
[White "B0zata"]
[Black "Mitja"]
[WhiteElo "2270"]
[BlackElo "1970"]
[Result "1-0"]
[Round "1"]
1.d4 d5
2.Ng1f3 h6
3.e3 e6
4.c4 dxc4
5.Bf1xc4 c6
6.Qd1b3 Nb8d7
7.Nb1c3 Nd7b6
8.O-O Nb6xc4
9.Qb3xc4 Bf8e7
10.b4 Ng8f6
11.b5 Bc8d7
12.a4 O-O
13.Bc1a3 Be7xa3
14.Ra1xa3 cxb5
15.axb5 b6
16.Rf1a1 Qd8b8
17.Nf3e5 Rf8d8
18.Ne5xd7 Rd8xd7
19.f3 Rd7c7
20.Qc4d3 Qb8d8
21.Nc3a4 Rc7c8
22.Na4b2 Rc8c7
23.Nb2c4 Qd8b8
24.Nc4e5 Qb8c8
25.Ne5c6 Qc8d7
26.Ra3a6 Nf6d5
27.e4 Nd5e7
28.Nc6xe7 Qd7xe7
29.Ra6xb6 axb6
30.Ra1xa8 Kh7
31.Ra8a1 Rc7a7
32.Ra1xa7 Qe7xa7
33.d5 exd5
34.exd5 Kg8
35.d6 Qa7a1
36.Kf2 Qa1b2
37.Kg3 Qb2e5
38.f4 Qe5e1
39.Kf3 Qe1h4
40.d7 Qh4d8
41.Qd3d6 g6
42.g4 Qd8a8
43.Qd6c6 Qa8d8
44.Qc6c8 { resign }
1-0

[Event "Tourn. n9085"]
[Site "www.chess-mail.com"]
[Date "2016.12.07"]
[Round "1"]
[White "Nulladies"]
[Black "Manuelito"]
[WhiteElo "1820"]
[BlackElo "1710"]
[Result "1-0"]
[Round "1"]
1.d4 d5
2.Bc1f4 e6
3.Ng1f3 Ng8f6
4.e3 c5
5.Bf1b5 Bc8d7
6.Bb5xd7 Qd8xd7
7.c3 Nb8c6
8.Nb1d2 cxd4
9.cxd4 Bf8d6
10.Nf3e5 Nc6xe5
11.dxe5 Bd6xe5
12.Bf4xe5 O-O
13.Be5xf6 gxf6
14.Qd1g4 Kh8
15.O-O Rf8g8
16.Qg4f3 Rg8g6
17.Ra1c1 Ra8g8
18.g3 e5
19.Rf1d1 e4
20.Nd2xe4 Rg6h6
21.Ne4xf6 Qd7h3
22.Nf6xg8 Qh3xh2
23.Kf1 Kxg8
24.Rc1c7 Rh6b6
25.Qf3xf7 Kh8
26.Rc7c8 { resign }
1-0

[Event "Tourn. n9085"]
[Site "www.chess-mail.com"]
[Date "2016.12.07"]
[Round "1"]
[White "Redabond"]
[Black "Manuelito"]
[WhiteElo "1700"]
[BlackElo "1710"]
[Result "0-1"]
[Round "1"]
1.d4 d5
2.Bc1f4 e6
3.Nb1c3 Ng8f6
4.Nc3b5 Bf8d6
5.Bf4xd6 cxd6
6.e3 O-O
7.Qd1f3 a6
8.Nb5c3 b5
9.O-O-O e5
10.dxe5 dxe5
11.Nc3xd5 Nf6xd5
12.Rd1xd5 Qd8c7
13.Rd5xe5 Bc8b7
14.Qf3g3 Nb8d7
15.Re5e4 Qc7xg3
16.hxg3 Bb7xe4
17.f3 Be4g6
18.e4 Rf8d8
19.Bf1d3 Nd7c5
20.Ng1h3 Nc5xd3
21.cxd3 Rd8xd3
22.Nh3f4 Ra8c8
23.Kb1 f5
24.e5 Rd3e3
25.Nf4d5 Re3xe5
26.Nd5c3 Bg6f7
27.Rh1d1 g6
28.Rd1d2 b4
29.Nc3a4 Re5e1
{ resign }
0-1

[Event "Tourn. n8971"]
[Site "www.chess-mail.com"]
[Date "2016.12.07"]
[Round "1"]
[White "Sachpat"]
[Black "Numanoid"]
[WhiteElo "2450"]
[BlackElo "2320"]
[Result "1-0"]
[Round "1"]
1.e4 e6
2.d4 d5
3.Nb1c3 Ng8f6
4.e5 Nf6d7
5.f4 c5
6.Ng1f3 Nb8c6
7.Bc1e3 a6
8.a3 b5
9.Bf1e2 Bc8b7
10.Qd1d2 Qd8b6
11.Nc3d1 cxd4
12.Nf3xd4 Bf8c5
13.c3 Qb6c7
14.O-O O-O
15.Be2d3 Bc5e7
16.Qd2e2 Nd7c5
17.Bd3c2 Nc6xd4
18.cxd4 Nc5e4
19.Nd1f2 f5
20.exf6 Be7xf6
21.Nf2g4 Qc7b6
22.Ng4e5 Bf6xe5
23.fxe5 a5
24.Rf1xf8 Ra8xf8
25.Bc2xe4 dxe4
26.d5 Qb6a6
27.d6 Bb7d5
28.Ra1c1 Bd5c4
29.Qe2g4 Qa6b7
30.b3 { resign }
1-0

[Event "Match"]
[Site "www.echecsemail.com"]
[Date "2016.12.07"]
[Round "1"]
[White "Genius3"]
[Black "Pare123"]
[WhiteElo "1650"]
[BlackElo "2010"]
[Result "0-1"]
[Round "1"]
1.f4 d5
2.b3 c5
3.Bc1b2 Bc8f5
4.e3 Ng8f6
5.Ng1f3 a6
6.Bf1e2 Nb8c6
7.O-O h6
8.Nf3e5 Nc6xe5
9.Bb2xe5 Nf6d7
10.Be5b2 e6
11.d3 Nd7f6
12.Be2f3 Bf8e7
13.Qd1e2 Qd8b6
14.Kh1 g5
15.h3 Rh8g8
16.fxg5 hxg5
17.Nb1d2 g4
18.Bf3xg4 Nf6xg4
19.hxg4 Bf5xg4
20.Qe2f2 f5
21.c4 Qb6d6
22.Qf2f4 Qd6c6
23.Ra1e1 d4
24.e4 Be7g5
25.Qf4f2 Rg8h8
26.Kg1 O-O-O
27.exf5 Bg4xf5
28.Nd2e4 Bf5xe4
29.Re1xe4 Qc6d6
30.g3 Rh8f8
31.Qf2g2 Rf8xf1
32.Kxf1 Rd8f8
33.Kg1 Bg5e3
34.Kh1 Rf8g8
35.Re4h4 Qd6xg3
36.Qg2xg3 Rg8xg3
37.Rh4h8 Kd7
38.Rh8h7 Kc6
39.a3 Rg3g1
40.Kh2 Rg1b1
{ resign }
0-1

[Event "Match"]
[Site "www.echecsemail.com"]
[Date "2016.12.07"]
[Round "1"]
[White "Sonny1000"]
[Black "Billyg"]
[WhiteElo "1330"]
[BlackElo "1730"]
[Result "0-1"]
[Round "1"]
1.e4 d5
2.e5 a6
3.d4 e6
4.Ng1f3 f6
5.Bc1f4 g5
6.exf6 Ng8xf6
7.a4 gxf4
8.g3 fxg3
9.hxg3 Nf6e4
10.Nf3g5 Ne4xg5
11.Qd1h5 Ng5f7
12.a5 Qd8e7
13.g4 Nb8c6
14.b4 Nc6xd4
15.Bf1d3 Qe7xb4
16.c3 Nd4f3
17.Kd1 Qb4c5
18.Rh1f1 Qc5e7
19.Qh5h1 Nf7e5
20.Ra1a4 Qe7f6
21.Bd3xh7 b5
22.Qh1h5 Ne5f7
23.Ra4a2 b4
24.Nb1d2 Qf6xc3
25.Nd2xf3 Qc3xf3
26.Ke1 b3
27.Ra2b2 Bf8b4
28.Rb2d2 Bb4xd2
29.Kxd2 d4
30.Qh5c5 Qf3f4
31.Kd3 Nf7e5
32.Ke2 Qf4f3
33.Ke1 Ne5d3
{ resign }
0-1

[Event "Match"]
[Site "www.echecsemail.com"]
[Date "2016.12.07"]
[Round "1"]
[White "Azorau"]
[Black "Whitekknight"]
[WhiteElo "1840"]
[BlackElo "1960"]
[Result "1-0"]
[Round "1"]
1.Ng1f3 Ng8f6
2.Nb1c3 d5
3.e3 Nb8c6
4.Bf1b5 Bc8d7
5.h3 e6
6.d4 Bf8b4
7.O-O a6
8.Bb5xc6 Bd7xc6
9.Nc3e2 Bc6b5
10.c3 Bb4d6
11.a4 Bb5d7
12.Qd1b3 Bd7c6
13.c4 dxc4
14.Qb3xc4 Bc6d5
15.Qc4c3 Bd5xf3
16.gxf3 O-O
17.Kh1 Nf6d5
18.Qc3b3 b6
19.e4 Nd5e7
20.e5 Bd6xe5
21.dxe5 Ne7g6
22.Rf1g1 Ng6xe5
23.Bc1h6 Ne5g6
24.Bh6g5 Qd8d7
25.Ra1d1 Qd7c8
26.Qb3a3 Qc8b7
27.Rg1g3 h6
28.Bg5e7 Rf8e8
29.Be7b4 Ng6h4
30.Bb4d2 Nh4xf3
31.Rg3xf3 Ra8d8
32.Qa3e3 Rd8d7
33.Rd1g1 Rd7xd2
34.Kh2 Kf8
35.Qe3f4 Re8e7
36.Ne2g3 Rd2d5
37.Qf4e4 g6
38.Qe4xg6 Ke8
39.Qg6g4 Rd5g5
40.Qg4f4 Qb7d5
41.h4 Rg5g6
42.h5 Rg6g5
43.Ng3e4 Rg5xh5
44.Rf3h3 Rh5xh3
45.Kxh3 Qd5f5
46.Qf4xf5 exf5
47.Ne4f6 { resign }
1-0

[Event "Match"]
[Site "www.echecsemail.com"]
[Date "2016.12.07"]
[Round "1"]
[White "Pariolinius"]
[Black "Coraza"]
[WhiteElo "1890"]
[BlackElo "1840"]
[Result "1-0"]
[Round "1"]
1.c4 e5
2.Nb1c3 Bf8c5
3.Ng1f3 Nb8c6
4.e3 d6
5.h3 Ng8f6
6.Bf1e2 Nc6b4
7.O-O Bc8f5
8.d3 O-O
9.e4 Bf5e6
10.a3 Nb4c6
11.b4 Bc5d4
12.Nf3xd4 exd4
13.Nc3d5 Be6xd5
14.cxd5 Nc6e7
15.Bc1b2 c5
16.bxc5 dxc5
17.Ra1c1 Qd8b6
18.Qd1c2 Ra8c8
19.Rc1b1 Qb6c7
20.Bb2a1 b6
21.Ba1b2 Ne7g6
22.Bb2c1 Rc8b8
23.Bc1d2 Rf8e8
24.g3 Nf6xd5
25.exd5 Re8xe2
26.Rf1e1 Re2e8
27.Re1xe8 Rb8xe8
28.Rb1e1 Re8d8
29.Qc2b3 Ng6e5
30.Bd2f4 Rd8e8
31.Qb3b5 Re8f8
32.Bf4xe5 Qc7d8
33.d6 Rf8e8
34.d7 Re8e6
35.f4 Re6e7
36.f5 Re7xd7
37.Be5f4 h6
38.h4 Kh7
39.Kh2 f6
40.Qb5c6 h5
41.Qc6f3 g6
42.fxg6 Kxg6
43.Qf3e4 Kg7
44.Qe4f5 Rd7d5
45.Qf5e6 b5
46.Qe6a6 b4
47.Qa6xa7 Kg6
48.Re1e7 Kf5
49.Re7h7 b3
50.Rh7xh5 Ke6
51.Rh5xd5 Qd8xd5
52.Qa7b6 Kf7
53.a4 c4
54.dxc4 Qd5xc4
55.Qb6b7 Kg6
56.Qb7e4 f5
57.Qe4e8 Kh7
58.Qe8e7 Kg8
59.Qe7e8 Kh7
60.Qe8h5 Kg8
61.Qh5g6 Kf8
62.Bf4d6 { resign }
1-0

[Event "Match"]
[Site "www.echecsemail.com"]
[Date "2016.12.07"]
[Round "1"]
[White "Raulazo"]
[Black "Whitekknight"]
[WhiteElo "1940"]
[BlackElo "1970"]
[Result "1/2-1/2"]
[Round "1"]
1.Ng1f3 Ng8f6
2.Nb1c3 d5
3.d4 e6
4.Bc1g5 Bf8e7
5.Bg5xf6 Be7xf6
6.e3 O-O
7.Bf1d3 Nb8c6
8.Qd1d2 Nc6b4
9.a3 Nb4xd3
10.Qd2xd3 Qd8e7
11.h4 b6
12.Nf3g5 g6
13.Ng5f3 h5
14.O-O-O a6
15.Rd1g1 c6
16.g4 hxg4
17.Nf3d2 Kg7
18.h5 Rf8h8
19.Rg1xg4 e5
20.Rg4g1 e4
21.Qd3e2 Bc8f5
22.hxg6 Rh8xh1
23.Rg1xh1 fxg6
24.Nc3a4 Qe7d8
25.f4 Bf6e7
26.Qe2h2 Qd8h8
27.Na4xb6 Qh8xh2
28.Rh1xh2 Ra8h8
29.Rh2xh8 Kxh8
30.b4 Be7h4
31.Nd2b3 Bh4d8
32.Nb6a4 Kh7
33.Na4c5 Bf5c8
34.a4 Bd8b6
35.a5 Bb6xc5
36.Nb3xc5 Kh6
37.Kd2 Kh5
38.Ke2 Kh4
39.Kf2 Kh3
40.c3 Kh2
41.Nc5b3 Kh3
42.Nb3c1 Bc8g4
43.Nc1b3 Kh2
44.Nb3c5 Bg4c8
45.Nc5a4 Kh3
46.Na4b6 Bc8e6
47.Nb6a8 Kg4
48.Na8c7 Be6c8
49.Nc7e8 g5
50.Ne8f6 Kf5
51.Nf6h7 gxf4
52.Nh7f8 f3
53.Nf8h7 Ke6
54.Nh7g5 Kf5
55.Ng5f7 Ke6
56.Nf7e5 Bc8b7
57.Ne5g4 { draw }
1/2-1/2

[Event "1/16 Finale"]
[Site "www.chess-mail.com"]
[Date "2016.12.07"]
[Round "1"]
[White "Buchauer"]
[Black "George1955"]
[WhiteElo "2730"]
[BlackElo "2770"]
[Result "1-0"]
[Round "1"]
1.d4 Ng8f6
2.c4 g6
3.f3 d5
4.cxd5 Nf6xd5
5.e4 Nd5b6
6.Bc1e3 Bf8g7
7.Nb1c3 O-O
8.Qd1d2 Nb8c6
9.O-O-O e5
10.d5 Nc6d4
11.f4 Bc8g4
12.Rd1e1 Qd8e7
13.fxe5 Qe7xe5
14.h3 Bg4d7
15.Re1d1 c5
16.Ng1f3 Nd4xf3
17.gxf3 Nb6a4
18.f4 Qe5e8
19.e5 Ra8d8
20.Bf1d3 b6
21.Nc3xa4 Bd7xa4
22.Bd3c2 c4
23.h4 h5
24.Bc2xa4 Qe8xa4
25.Kb1 Qa4d7
26.Qd2c2 b5
27.Rh1g1 Qd7b7
28.d6 Qb7f3
29.Be3d2 Rf8e8
30.Rd1f1 Qf3b7
31.Bd2a5 Rd8d7
32.a3 Qb7d5
33.Ba5c3 Rd7d8
34.Ka2 Rd8d7
35.f5 Bg7xe5
36.fxg6 f6
37.Qc2f5 Qd5e6
38.Qf5xh5 Rd7g7
39.Bc3xe5 c3
40.Kb1 Qe6xe5
41.Qh5xe5 Re8xe5
42.Rf1xf6 b4
43.axb4 Rg7d7
44.bxc3 a5
45.bxa5 Re5xa5
46.h5 Ra5xh5
47.g7 Rd7xg7
48.Rg1xg7 Kxg7
49.Rf6e6 Rh5c5
50.Re6e8 Rc5d5
51.Re8d8 Kf7
52.c4 Rd5h5
53.Kb2 Ke6
54.Kb3 Rh5h2
55.Kb4 Rh2h5
56.c5 Kd5
57.Rd8c8 Rh5h7
58.Ka5 Rh7a7
59.Kb6 Ra7h7
60.Rc8a8 Rh7h6
61.Ra8a1 { resign }
1-0

[Event "1/64 Finale"]
[Site "www.chess-mail.com"]
[Date "2016.12.07"]
[Round "1"]
[White "Sportuga"]
[Black "Julian"]
[WhiteElo "2290"]
[BlackElo "2020"]
[Result "1-0"]
[Round "1"]
1.e4 e5
2.Ng1f3 f5
3.Nf3xe5 Ng8f6
4.Nb1c3 d6
5.Ne5c4 fxe4
6.d4 Bf8e7
7.Bf1e2 O-O
8.O-O Bc8e6
9.d5 Be6f5
10.f3 exf3
11.Be2xf3 Nb8d7
12.Nc4e3 Bf5g6
13.Nc3e2 Nd7e5
14.Ne2f4 Bg6f7
15.Nf4e6 Bf7xe6
16.dxe6 Ne5xf3
17.Qd1xf3 d5
18.Ne3f5 Nf6e4
19.Qf3g4 Be7f6
20.e7 Qd8d7
21.Nf5h6 Kh8
22.exf8Q Ra8xf8
23.Qg4xd7 Bf6d4
24.Bc1e3 Bd4xe3
25.Kh1 Ne4f2
26.Rf1xf2 Be3xf2
27.Qd7e7 Rf8a8
28.Nh6f5 { resign }
1-0

[Event "Eq:Nightwish-Equipo Juan Diaz : "]
[Site "www.chess-mail.com"]
[Date "2016.12.07"]
[Round "1"]
[White "Ryukaynon"]
[Black "Naujzaid"]
[WhiteElo "999"]
[BlackElo "2110"]
[Result "0-1"]
[Round "1"]
1.c4 Ng8f6
2.Nb1c3 c5
3.Ng1f3 d6
4.g3 e6
5.d4 cxd4
6.Nf3xd4 Bf8e7
7.Bf1g2 O-O
8.O-O a6
9.b3 Qd8c7
10.Bc1b2 Nb8c6
11.Ra1c1 Bc8d7
 { time }
0-1

[Event "Tourn. n9103"]
[Site "www.chess-mail.com"]
[Date "2016.12.08"]
[Round "1"]
[White "Norlavuaram"]
[Black "Bojan"]
[WhiteElo "2240"]
[BlackElo "2050"]
[Result "1-0"]
[Round "1"]
1.e4 Nb8c6
2.Ng1f3 d6
3.d4 Bc8g4
4.c3 a6
5.Bc1e3 e6
6.Bf1d3 f5
7.exf5 exf5
8.O-O Bf8e7
9.h3 Bg4xf3
10.Qd1xf3 g6
11.Rf1e1 Qd8d7
12.Nb1a3 d5
13.Be3g5 O-O-O
14.Bg5xe7 Ng8xe7
15.b4 Nc6a7
16.Na3c2 Qd7d6
17.a4 Kb8
18.b5 a5
19.Ra1b1 b6
20.Re1e2 Qd6f6
21.Rb1e1 Rh8e8
22.Re2e6 Qf6f8
23.Qf3f4 Kb7
24.Qf4e5 Rd8d7
25.c4 c6
26.c5 Rd7c7
27.cxb6 Rc7d7
28.bxa7 Rd7c7
29.Nc2a3 g5
30.Bd3xf5 Kxa7
31.bxc6 Ne7xc6
32.Qe5xc7 { resign }
1-0

[Event "Tourn. n8934"]
[Site "www.chess-mail.com"]
[Date "2016.12.08"]
[Round "1"]
[White "Azulmarino"]
[Black "Passaroa25"]
[WhiteElo "1660"]
[BlackElo "1560"]
[Result "0-1"]
[Round "1"]
1.e4 c6
2.c4 d6
3.d4 e6
4.Nb1c3 Nb8d7
5.Ng1f3 f6
6.Bc1e3 Ng8e7
7.Bf1d3 Ne7g6
8.Qd1d2 Bf8e7
9.b3 e5
10.d5 Nd7b6
11.Be3xb6 Qd8xb6
12.O-O Bc8d7
13.Nc3a4 Qb6c7
14.Ra1c1 O-O
15.h3 c5
16.Na4c3 Ng6f4
17.Kh2 Bd7e8
18.g3 Nf4g6
19.Nf3h4 Ng6xh4
20.gxh4 Be8f7
21.Nc3b5 Qc7b6
22.Rf1g1 g6
23.h5 g5
24.Bd3e2 a6
25.Nb5c3 h6
26.Be2g4 Kg7
27.Nc3a4 Qb6b4
28.Qd2e3 Be7d8
29.Bg4e6 Bf7xe6
30.dxe6 Bd8e7
31.Na4c3 Qb4a5
32.Qe3f3 Qa5b6
33.Nc3d5 Qb6d8
34.Qf3f5 Qd8e8
35.Nd5c7 Qe8d8
36.Qf5g6 Kh8
37.Qg6xh6 Kg8
38.Qh6g6 Kh8
39.h4 Qd8xc7
40.h6 Rf8g8
41.Qg6f7 Ra8f8
42.Qf7h5 Kh7
43.hxg5 Rg8xg5
44.Rg1xg5 fxg5
45.Rc1g1 Rf8xf2
46.Kh3 Be7f6
47.Qh5f7 Qc7xf7
48.exf7 Bf6d8
49.Rg1xg5 Bd8xg5
50.f8Q Rf2xf8
51.Kg4 Kxh6
52.a3 Rf8f4
53.Kg3 Rf4xe4
54.Kf3 Re4h4
55.Kg2 Bg5c1
56.Kg3 Kh5
{ resign }
0-1

[Event "Tourn. n8976"]
[Site "www.chess-mail.com"]
[Date "2016.12.08"]
[Round "1"]
[White "Hundegana"]
[Black "Abuelo"]
[WhiteElo "2040"]
[BlackElo "2210"]
[Result "0-1"]
[Round "1"]
1.f4 d5
2.d4 Bc8f5
3.g3 Bf5e4
4.Ng1f3 Be4xf3
5.exf3 e6
6.Bf1d3 Nb8c6
7.c3 Bf8d6
8.O-O Ng8f6
9.Nb1d2 O-O
10.Kg2 a6
11.Nd2b3 h6
12.Nb3c5 Bd6xc5
13.dxc5 Nf6d7
14.b4 Qd8e7
15.Rf1e1 Qe7f6
16.Bc1b2 Ra8d8
17.Ra1b1 Qf6e7
18.a3 Nd7f6
19.f5 Nf6d7
20.f4 Rd8e8
21.Qd1g4 Nd7f6
22.Qg4f3 e5
23.fxe5 Nc6xe5
24.Qf3d1 Qe7d7
25.Re1xe5 Re8xe5
26.c4 d4
27.Bb2c1 Rf8e8
28.Bc1d2 Qd7c6
29.Qd1f3 Re5e2
30.Bd3xe2 Re8xe2
31.Kh3 Qc6xf3
32.Bd2f4 Qf3h5
{ resign }
0-1

[Event "Tourn. n8980"]
[Site "www.chess-mail.com"]
[Date "2016.12.08"]
[Round "1"]
[White "Tartan"]
[Black "Rons"]
[WhiteElo "2490"]
[BlackElo "2520"]
[Result "0-1"]
[Round "1"]
1.d4 Ng8f6
2.e3 c5
3.Ng1f3 g6
4.Nb1d2 cxd4
5.exd4 Nb8c6
6.c3 d5
7.Bf1d3 Bf8g7
8.O-O O-O
9.Nd2b3 Bc8g4
10.Bc1f4 Nf6h5
11.Bf4e3 e5
12.dxe5 Nc6xe5
13.Bd3e2 Ne5c4
14.Be3c1 Rf8e8
15.h3 Bg4xf3
16.Be2xf3 Nh5f6
17.Nb3c5 Qd8c7
18.Nc5d3 Bg7f8
19.Qd1b3 Bf8d6
20.Bc1h6 Nf6e4
21.Ra1d1 a5
22.Rf1e1 f5
23.Qb3b5 Qc7c6
24.Qb5xc6 bxc6
25.Re1e2 a4
26.a3 Re8e6
27.h4 Ra8b8
28.g3 Kf7
29.Rd1e1 Rb8a8
30.Bf3g2 Ra8e8
31.Bg2f3 Kf6
32.Bf3g2 Ne4c5
33.Re2xe6 Re8xe6
34.Re1xe6 Kxe6
35.Nd3xc5 Bd6xc5
36.Bh6c1 Nc4e5
{ resign }
0-1

[Event "Tourn. n9002"]
[Site "www.chess-mail.com"]
[Date "2016.12.08"]
[Round "1"]
[White "Jose"]
[Black "Marbachess"]
[WhiteElo "2770"]
[BlackElo "2660"]
[Result "1/2-1/2"]
[Round "1"]
1.d4 f5
2.Bc1g5 g6
3.Nb1c3 Bf8g7
4.h4 d6
5.e4 Nb8c6
6.d5 Nc6e5
7.exf5 Bc8xf5
8.Ng1f3 c6
9.Bf1e2 Qd8b6
10.Ra1b1 Ng8f6
11.Nf3xe5 dxe5
12.Bg5e3 Qb6a5
13.g4 Bf5e4
14.O-O Be4xd5
15.g5 Nf6e4
16.Nc3xd5 cxd5
17.h5 h6
18.c4 hxg5
19.Qd1d3 gxh5
20.cxd5 Ne4d6
21.Qd3g6 Kf8
22.Be3xg5 Qa5xd5
23.Rf1d1 Qd5f7
24.Bg5xe7 Qf7xe7
25.Rd1xd6 Rh8h6
26.Qg6f5 Rh6f6
27.Rd6xf6 Qe7xf6
28.Qf5xh5 Ra8c8
29.Rb1d1 Rc8c7
30.b3 Bg7h6
31.Be2c4 Qf6g5
32.Qh5xg5 { draw }
1/2-1/2

[Event "Tourn. n9013"]
[Site "www.chess-mail.com"]
[Date "2016.12.08"]
[Round "1"]
[White "Drawlward"]
[Black "Krystek23"]
[WhiteElo "2490"]
[BlackElo "2310"]
[Result "1-0"]
[Round "1"]
1.e4 c5
2.Ng1f3 e6
3.d4 cxd4
4.Nf3xd4 Nb8c6
5.Nb1c3 a6
6.Bf1e2 Qd8c7
7.O-O Ng8f6
8.Bc1e3 Bf8b4
9.Nc3a4 Ra8b8
10.c4 Bb4e7
11.Na4c3 Be7b4
12.Nd4xc6 bxc6
13.c5 Bb4xc3
14.bxc3 Qc7e5
15.f3 Qe5xc3
16.Be3d4 Qc3a5
17.Qd1e1 Qa5xe1
18.Rf1xe1 a5
19.Ra1b1 Rb8a8
20.Rb1b6 O-O
21.Bd4e5 Kh8
22.Re1b1 Rf8g8
23.a4 Rg8e8
24.Rb6b8 Ra8xb8
25.Rb1xb8 d5
26.Rb8a8 dxe4
27.Ra8xa5 exf3
28.Be2xf3 Nf6d5
29.Ra5a8 f6
30.Be5d6 Bc8d7
31.Ra8a7 Bd7c8
32.Bf3e2 Kg8
33.a5 Nd5b4
34.a6 Bc8xa6
35.Be2xa6 Nb4xa6
36.Ra7xa6 Re8c8
37.Ra6a7 h6
38.Kf2 Kh7
39.g4 e5
40.Kf3 Kg6
41.h4 e4
42.Kxe4 Rc8e8
43.Kf4 { resign }
1-0

[Event "Tourn. n9085"]
[Site "www.chess-mail.com"]
[Date "2016.12.08"]
[Round "1"]
[White "Urbe69"]
[Black "Redabond"]
[WhiteElo "1729"]
[BlackElo "1710"]
[Result "1-0"]
[Round "1"]
1.d4 d5
2.Ng1f3 Bc8f5
3.c4 Nb8c6
4.cxd5 Qd8xd5
5.Nb1c3 Qd5d8
6.d5 Nc6b4
7.Qd1a4 Qd8d7
8.Qa4xb4 O-O-O
9.Nf3e5 e6
10.Qb4xf8 Rd8xf8
11.Ne5xd7 Kxd7
12.e4 Bf5g6
13.dxe6 fxe6
14.Bf1d3 Ng8f6
15.Bc1g5 Nf6g4
16.O-O h6
17.Bg5h4 Ng4e5
18.Bd3c2 Rf8f4
19.Bh4g3 Rf4f6
20.Bg3xe5 Rf6f7
21.Ra1d1 Kc8
22.Bc2b3 Rh8f8
23.Bb3xe6 Kb8
24.Be6xf7 Bg6xf7
25.Rd1d7 Bf7e6
26.Rd7xc7 Ka8
27.Rc7xg7 { resign }
1-0

[Event "Tourn. n9065"]
[Site "www.chess-mail.com"]
[Date "2016.12.08"]
[Round "1"]
[White "Hundegana"]
[Black "Norlavuaram"]
[WhiteElo "2000"]
[BlackElo "2250"]
[Result "0-1"]
[Round "1"]
1.c4 g6
2.d4 Bf8g7
3.e4 d6
4.d5 Ng8f6
5.f3 O-O
6.a4 c6
7.Qd1c2 Nb8a6
8.Bf1d3 Na6c5
9.Bd3e2 cxd5
10.cxd5 b6
11.Be2c4 Bc8b7
12.Ra1a3 Ra8c8
13.Nb1d2 a6
14.Nd2b3 b5
15.axb5 axb5
16.Bc4xb5 Nc5xb3
17.Qc2xb3 Rc8xc1
18.Kd2 Bg7h6
19.Ke2 Qd8c7
20.Bb5d3 Qc7c5
21.Bd3b5 Rc1xg1
22.Rh1xg1 Qc5xg1
23.g4 Qg1xh2
24.Ke1 Rf8c8
25.Ra3a1 Rc8c2
26.Ra1b1 Qh2f2
27.Kd1 Qf2d2
{ resign }
0-1

[Event "Tourn. n9104"]
[Site "www.chess-mail.com"]
[Date "2016.12.08"]
[Round "1"]
[White "Norlavuaram"]
[Black "Greghghs"]
[WhiteElo "2150"]
[BlackElo "2300"]
[Result "0-1"]
[Round "1"]
1.e4 c5
2.Ng1f3 d6
3.d4 cxd4
4.Nf3xd4 Ng8f6
5.Nb1c3 Nb8c6
6.Bf1c4 Qd8b6
7.Nd4b3 e6
8.Bc1e3 Qb6c7
9.f3 Bf8e7
10.Qd1d2 a6
11.O-O-O O-O
12.g4 b5
13.Bc4f1 Bc8b7
14.h4 Nc6e5
15.Qd2f2 b4
16.g5 Nf6g4
17.fxg4 bxc3
18.Bf1g2 cxb2
19.Kxb2 a5
20.Be3b6 Ne5c4
21.Ka1 Nc4xb6
22.Qf2d2 Rf8c8
23.Rd1c1 d5
24.h5 Be7xg5
25.Qd2xg5 Qc7c3
{ resign }
0-1

[Event "Tourn. n8944"]
[Site "www.chess-mail.com"]
[Date "2016.12.08"]
[Round "1"]
[White "Comrade"]
[Black "Ffdd65"]
[WhiteElo "2200"]
[BlackElo "2260"]
[Result "0-1"]
[Round "1"]
1.c4 e5
2.Nb1c3 Nb8c6
3.Ng1f3 d6
4.d3 h6
5.e3 Ng8f6
6.Bf1e2 Bf8e7
7.O-O O-O
8.Bc1d2 Bc8g4
9.h3 Bg4f5
10.Nf3h4 Bf5e6
11.f4 Nf6d7
12.f5 Be6xc4
13.dxc4 Be7xh4
14.Nc3d5 Nd7f6
15.Be2f3 Ra8b8
16.Bd2c3 Nc6e7
17.Nd5xf6 Bh4xf6
18.e4 c5
19.Qd1e2 a6
20.Ra1d1 Ne7c6
21.g4 g5
22.Rd1d5 Nc6e7
23.Rd5d2 b5
24.Rf1d1 Ne7c8
25.Rd2d5 Qd8c7
26.Qe2e1 Bf6e7
27.Bc3a5 Qc7c6
28.cxb5 Rb8xb5
29.Qe1c3 Be7d8
30.Ba5xd8 Rf8xd8
31.Rd5xe5 Qc6b6
32.Re5d5 Rb5xb2
33.Rd1d2 Rb2xd2
34.Rd5xd2 Rd8f8
35.Qc3f6 Kh7
36.h4 Qb6d8
37.Qf6c3 Qd8e7
38.hxg5 Qe7xg5
39.e5 Qg5e7
40.exd6 Nc8xd6
41.f6 Qe7e1
42.Kg2 Nd6e4
43.Qc3d3 Qe1xd2
44.Bf3e2 Qd2xd3
45.Be2xd3 Rf8e8
46.Kf3 Kg6
47.Bd3xe4 Re8xe4
48.Kxe4 Kxf6
{ resign }
0-1